| 000 | 00307nam a2200133 i 4500 | ||
|---|---|---|---|
| 001 | bg | ||
| 245 | 0 |
_aAmstrad-Schnieder : _bwprowadzenie do systemu. Cz.2. |
|
| 260 |
_aKraków, _c1987. |
||
| 040 | _cBPK | ||
| 041 | _apol | ||
| 080 | _a681.322.06 | ||
| 942 | _cKS | ||
| 008 | s pl f |000 0 pol | ||
| 999 |
_c3304 _d3304 |
||
| 856 |
_uhttp://koha.tu.koszalin.pl/cgi-bin/koha/opac-detail.pl?biblionumber=3304 _yKatalog online BPK |
||